000 00727nam a2200241 u 4500
005 20231012063601.0
008 180416s2013 r 000 0 eng d
020 _a9788433026248
035 _aUPN01000224048
049 _aCG
050 4 _aBF575 A6
_bM6.3 2013
100 1 _aMoreno, Pedro,
_d1968-
_942029
245 1 0 _aAprender de la ansiedad :
_bla sabiduria de las emociones /
_cPedro Moreno.
250 _a2a ed.
260 _aBilbao, Esp. :
_bDesclée De Brouwer,
_c2013.
300 _a324 p. :
_bil., tablas
440 0 _aCrecimiento personal.
_pSerendipity ;
_v170
650 7 _aAnsiedad
_2
_94750
650 2 _aAtaques de pánico
_915986
650 2 _aAutopercepción
_93822
905 _aLibro
999 _c196145
_d196145